Zhodnotenie finančnej situácie vo vybranom podniku z odvetvia stavebníctva bakalárska práca

Salvato in:
Dettagli Bibliografici
Autore principale: Novotná, Viktória
Ente Autore: Podnikovohospodárska fakulta EU so sídlom v Košiciach. Katedra ekonómie
Altri autori: Lacko, Roman, 1988-
Natura: Libro
Lingua:slovacco
Pubblicazione: Košice 2020
Tags: Aggiungi Tag
Nessun Tag, puoi essere il primo ad aggiungerne!!

MARC

LEADER 00000nbm a2200000 4500
001 0265366
005 20240827093404.4
041 0 |a slo 
044 |a SK 
245 1 0 |a Zhodnotenie finančnej situácie vo vybranom podniku z odvetvia stavebníctva  |b bakalárska práca  |c Viktória Novotná ; školiteľ: Roman Lacko 
264 1 |a Košice  |c 2020 
300 |a 52 s. 
100 1 |a Novotná, Viktória 
700 1 |a Lacko, Roman, 1988- 
710 2 |a Podnikovohospodárska fakulta EU so sídlom v Košiciach. Katedra ekonómie